00495nam a2200181Ia 4500999001500000003000400015005001700019008004100036020001800077040000900095082001800104100002000122245005200142250001200194260005600206300000900262942004200271 c8772d8772OSt20201006113235.0190216s9999||||xx |||||||||||||| ||und|| a9788178082318 coclc a005.74bDAT/I aDate, C J95351 0aAn Introduction To Database Systems /cC J Date a7th Ed. bPearson Education International,c2002.aNew Delhi: a938p cBK2ddch005.74iDAT/Ik005.74mDAT/I